| 000 | 02351nam0a2200433 4500 | ||
|---|---|---|---|
| 001 | RU\NLR\bibl\546469 | ||
| 005 | 20250609155347.0 | ||
| 010 |
_a5-94201-330-6 _91050 |
||
| 021 |
_aRU _b2004-39350 _91957 |
||
| 035 | _a(NLR Aleph) 000538672 | ||
| 090 |
_a1398967 _c1398967 |
||
| 100 | _a20040823d2004 |||y0rusy50 ca | ||
| 101 | 0 |
_arus _deng |
|
| 102 | _aRU | ||
| 105 | _ac ||||||||| | ||
| 200 | 1 |
_aОбычное право как источник гражданского права _dCustomary law as a source of civil law _fР.-М. З. Зумбулидзе _zeng |
|
| 210 |
_aСПб. _cЮрид. центр Пресс _d2004 |
||
| 215 |
_a380 с., [1] л. цв. портр. _d22 |
||
| 225 | 1 |
_aТеория и практика гражданского права и гражданского процесса _fРедкол. А.П. Сергеев (отв. ред.) и др. |
|
| 300 | _aЗагл обл.: Обычай в праве | ||
| 300 | _aАвт. 1-го и 2-го произведения также на англ. яз.: R.-M. Z. Zumbulidze, A.I. Porotikov | ||
| 300 | _aРез. на англ. яз. | ||
| 320 | _aБиблиогр.: с. 181-196 (210 назв.) и с. 362-380 (194 назв.) | ||
| 423 | 0 |
_12001#$aОбычай в гражданском праве$dCustom in civil law$fА.И. Поротиков$gАссоц. Юрид. центр$zeng _1210##$aСПб.$d2004 _1215##$aС. 197-380 _1700#1$aПоротиков$bА. И.$gАлександр Иванович$4070 _tОбычай в гражданском праве _aПоротиков, Александр Иванович |
|
| 510 | 0 |
_6z45790 _aCustomary law as a source of civil law _zeng |
|
| 510 | 0 |
_6z46790 _aCustom in civil law _zrus |
|
| 512 | 1 | _aОбычай в праве | |
| 606 | 0 |
_aОбычное право _91739276 _3RU\NLR\auth\66778129 |
|
| 606 | 0 |
_aОбычай как источник гражданского права _92345578 _3RU\NLR\auth\661401721 |
|
| 686 | _aХ062.03 | ||
| 686 | _aХ623-3 | ||
| 700 | 1 |
_aЗумбулидзе _bР. -М. З. _gРоз-Мари Зурабовна _4070 |
|
| 790 | 1 |
_6z45510 _aZumbulidze _bR. -M. Z. _gRoz-Mari Zurabovna _4070 |
|
| 790 | 1 |
_6z46510 _aPorotikov _bA. I. _gAleksandr Ivanovič _4070 |
|
| 801 | 0 |
_aRU _bNLR _c20040823 _gPSBO |
|
| 801 | 1 |
_aRU _bNLR _c20040823 |
|
| 942 | _cBOOK | ||
| 980 | _aNB | ||